000 01350nam a2200349 a 4500
001 000113232
003 CHAP
005 20240607144754.0
008 170522s2016 mx sm |||||||spa d
010 _a109693
011 _a110665
040 _cCHAP
090 _aTesis
100 1 _aChávez Sánchez, Abner Orlando
_9132281
245 1 0 _aReconocimiento automatico del tallo en cultivo de tomate en invernadero mediante visión por computadora
_h[En línea]
_cpor Abner Orlando Chávez Sánchez.
260 _aChapingo, Méx. :
_bEl autor,
_c2016.
500 _aPara ver el contenido del material haga clic en la liga
502 _aTesis (M. en Ingeniería Agrícola y Uso Integral del Agua) -- UACH. Departamento de Irrigación
502 _aUACH. Departamento de Ingeniería Mecánica Agrícola
590 _aBATCH-UPD
_b05
_c20170522
590 _aBATCH
_b00
_c20181121
590 _aE5765TAJ
_b05
_c20170522
590 _aE5765TAJ
_b05
_c20170522
650 1 4 _aLuz diurna
_xEfecto en tomate.
_9132284
650 1 4 _aTomate crecimiento
_xVisisón computarizada.
_9175634
650 1 4 _aTomate
_xCultivos en invernadero.
_9113704
650 1 4 _aTomáte
_xVisión computarizada
_xModelos matemáticos.
_9132282
856 _uhttp://10.13.5.2/tesis/sist113232.pdf
_zDESCARGAR PDF
901 _aBK
942 _cTESIS
_2ddc
942 _n0
_2ddc
999 _c109693
_d109693